[Event "eu_ch_sen"]
[Site "Dresden"]
[Date "????.??.??"]
[Round "?"]
[White "Samuelsson, S-G."]
[Black "Vasiukov, E."]
[Result "1/2-1/2"]
[WhiteElo "2141"]
[BlackElo "2493"]
[PlyCount "76"]
[EventDate "2006.02.17"]
[EventRounds "8"]

1. Nf3 Nf6 2. c4 d6 3. g3 e5 4. Bg2 c6 5. Nc3 a6 6. d4 e4 7. Ng5 d5 8. O-O h6
9. Nh3 dxc4 10. a4 Bb4 11. e3 O-O 12. Nf4 Re8 13. Qc2 Bf5 14. Na2 Bd6 15. Qxc4
Nbd7 16. Bd2 Nb6 17. Qb3 a5 18. Rfc1 Re7 19. Qc2 Qd7 20. b4 Bxf4 21. gxf4 Bh3
22. Qd1 Bxg2 23. Kxg2 Nbd5 24. bxa5 g5 25. fxg5 hxg5 26. Qe2 Qf5 27. Rg1 Kh7
28. Kf1 Kg6 29. Nb4 Qh3+ 30. Rg2 Nxb4 31. Bxb4 Rd7 32. Kg1 Rh8 33. Rc1 Nd5 34.
Bd2 f5 35. a6 Nf6 36. axb7 Rxb7 37. Rxc6 Rb1+ 38. Bc1 Rhb8 1/2-1/2

[Event "eu_ch_sen"]
[Site "Dresden"]
[Date "????.??.??"]
[Round "?"]
[White "Shabanov, Y."]
[Black "Söderborg, B."]
[Result "1-0"]
[WhiteElo "2493"]
[BlackElo "2147"]
[PlyCount "83"]
[EventDate "2006.02.17"]
[EventRounds "8"]

1. e4 e5 2. Nf3 Nc6 3. Nc3 g6 4. d4 exd4 5. Nxd4 Bg7 6. Be3 Nge7 7. Qd2 O-O 8.
O-O-O d5 9. exd5 Nxd5 10. Nxc6 bxc6 11. Nxd5 cxd5 12. Qxd5 Rb8 13. c3 Qf6 14.
Qc5 Be6 15. Bg5 Qf5 16. Qxf5 gxf5 17. a3 Rfe8 18. Bd3 c5 19. Rhe1 Rec8 20. Bc2
c4 21. Re2 Rb6 22. Red2 Bf8 23. Rd8 Rbb8 24. Rxc8 Rxc8 25. Rd8 Rxd8 26. Bxd8
Bh6+ 27. Kd1 Bf4 28. g3 Bd6 29. Bg5 Kg7 30. Kd2 Kg8 31. Be3 a6 32. Bd1 Bd5 33.
Be2 h5 34. h4 Bf8 35. a4 Be7 36. f4 Bd6 37. Bb6 Be7 38. Ke3 Bf6 39. Bc7 Be7 40.
Kd4 Be6 41. Bxc4 Bf6+ 42. Kd3 1-0

[Event "eu_ch_sen"]
[Site "Dresden"]
[Date "????.??.??"]
[Round "?"]
[White "Nordstroem, F."]
[Black "Chernikov, O."]
[Result "0-1"]
[WhiteElo "2198"]
[BlackElo "2411"]
[PlyCount "112"]
[EventDate "2006.02.17"]
[EventRounds "8"]

1. e4 c5 2. Nf3 g6 3. d4 cxd4 4. Nxd4 Bg7 5. c4 Nc6 6. Be3 Nf6 7. Nc3 O-O 8.
Be2 d6 9. O-O Nxd4 10. Bxd4 Be6 11. Qd2 Qa5 12. Rfd1 Rfc8 13. b3 a6 14. f3 Nd7
15. Bxg7 Kxg7 16. Nd5 Qxd2 17. Rxd2 Bxd5 18. Rxd5 Rc5 19. Rxc5 Nxc5 20. Rd1 a5
21. Kf2 Ra6 22. e5 dxe5 23. Rd5 Rc6 24. Rxe5 Kf6 25. f4 b6 26. Rd5 a4 27. Bd1
Ne4+ 28. Ke3 Nc3 29. Rd3 Nxa2 30. bxa4 Nb4 31. Rd4 Re6+ 32. Re4 Rxe4+ 33. Kxe4
Ke6 34. c5 bxc5 35. Bb3+ Kf6 36. a5 e6 37. Bc4 Ke7 38. g4 Kd6 39. g5 Nc6 40. a6
Kc7 41. h4 Kb6 42. Be2 Nd4 43. Bf1 Nf5 44. Ke5 Nxh4 45. Kf6 Nf5 46. Kxf7 Ne3
47. Bh3 c4 48. Bxe6 c3 49. Bb3 Kxa6 50. Kg7 Kb5 51. Kxh7 Kb4 52. Bc2 Nxc2 53.
f5 Nd4 54. f6 c2 55. f7 Ne6 56. Kg8 c1=Q 0-1

[Event "eu_ch_sen"]
[Site "Dresden"]
[Date "????.??.??"]
[Round "?"]
[White "Arkangelsky, B."]
[Black "Andersson, K."]
[Result "1-0"]
[WhiteElo "2384"]
[BlackElo "2142"]
[PlyCount "75"]
[EventDate "2006.02.17"]
[EventRounds "8"]

1. d4 d5 2. Nf3 Nf6 3. c4 c6 4. e3 a6 5. Nc3 Nbd7 6. Bd3 dxc4 7. Bxc4 Nb6 8.
Bb3 Bg4 9. Bxf7+ Kxf7 10. Ne5+ Kg8 11. Nxg4 e6 12. O-O Nxg4 13. Qxg4 Qf6 14. b3
Rd8 15. Bb2 h5 16. Qe2 Rh6 17. Rad1 Nd5 18. f4 Rd7 19. Ne4 Qg6 20. Ng5 Be7 21.
Nf3 Bf6 22. Ne5 Bxe5 23. dxe5 Rf7 24. Rd4 h4 25. a3 Rf8 26. a4 Rh5 27. Ba3 Rf7
28. Bc1 Nc3 29. Qc4 Nd5 30. e4 Nb6 31. Qd3 Qg4 32. h3 Qg6 33. a5 Nc8 34. Rd8+
Rf8 35. Ba3 Rxd8 36. Qxd8+ Kh7 37. Qxc8 Qxe4 38. Qxe6 1-0

[Event "eu_ch_sen"]
[Site "Dresden"]
[Date "????.??.??"]
[Round "?"]
[White "Gutman, L."]
[Black "Siegmund, R."]
[Result "1-0"]
[WhiteElo "2465"]
[BlackElo "2177"]
[PlyCount "59"]
[EventDate "2006.02.17"]
[EventRounds "8"]

1. Nf3 c5 2. g3 Nc6 3. d4 cxd4 4. Nxd4 g6 5. Bg2 Bg7 6. Nxc6 bxc6 7. O-O Nf6 8.
Nd2 O-O 9. Nb3 Qc7 10. Bd2 d6 11. Ba5 Qb7 12. Bc3 Qa6 13. Re1 Ne8 14. Bxg7 Nxg7
15. Qd3 Qb6 16. Qe4 d5 17. Qxe7 Bf5 18. Qf6 Bxc2 19. Rec1 Bxb3 20. Rxc6 Qa5 21.
Ra6 Qb5 22. axb3 Qxb3 23. R6a3 Qb5 24. Ra5 Qxe2 25. Bxd5 Nh5 26. Qd4 Rab8 27.
b3 Ng7 28. Rxa7 Ne6 29. Qf6 Rbe8 30. R7a2 1-0

[Event "eu_ch_sen"]
[Site "Dresden"]
[Date "????.??.??"]
[Round "?"]
[White "Hampel, J."]
[Black "Uhlmann, W."]
[Result "1/2-1/2"]
[WhiteElo "2194"]
[BlackElo "2420"]
[PlyCount "55"]
[EventDate "2006.02.17"]
[EventRounds "8"]

1. d4 Nf6 2. c4 g6 3. Nc3 c5 4. d5 Bg7 5. e4 d6 6. Be2 O-O 7. Nf3 e6 8. O-O
exd5 9. exd5 Re8 10. Re1 Bf5 11. Bg5 h6 12. Bf4 Na6 13. Qd2 g5 14. Bg3 Nc7 15.
Bd3 Bg4 16. h4 Bxf3 17. gxf3 Nh5 18. hxg5 Nxg3 19. fxg3 Qxg5 20. Qxg5 hxg5 21.
Ne4 Rad8 22. Rab1 Re5 23. g4 b6 24. b3 Ne8 25. Ng3 Rxe1+ 26. Rxe1 Be5 27. Nf5
Kf8 28. Kg2 1/2-1/2

[Event "eu_ch_sen"]
[Site "Dresden"]
[Date "????.??.??"]
[Round "?"]
[White "Hecht, H-J."]
[Black "Dorawa, B."]
[Result "1-0"]
[WhiteElo "2397"]
[BlackElo "2110"]
[PlyCount "87"]
[EventDate "2006.02.17"]
[EventRounds "8"]

1. d4 Nf6 2. c4 e6 3. Nc3 Bb4 4. e3 O-O 5. Nge2 b6 6. a3 Bxc3+ 7. Nxc3 Bb7 8.
Bd3 d5 9. O-O dxc4 10. Bxc4 Nbd7 11. f3 c5 12. e4 cxd4 13. Qxd4 Nc5 14. Qf2 Nd3
15. Bxd3 Qxd3 16. Bg5 h6 17. Bxf6 gxf6 18. Rfd1 Qc4 19. Rd4 Qc5 20. Rd7 Qxf2+
21. Kxf2 Bc6 22. Rc7 Rfc8 23. Rxc8+ Rxc8 24. Rc1 Be8 25. Ke3 Kf8 26. Ne2 Rxc1
27. Nxc1 Bb5 28. Na2 Ke7 29. Nc3 Bf1 30. g3 Kd6 31. b4 Ke5 32. g4 f5 33. f4+
Kf6 34. gxf5 exf5 35. e5+ Ke6 36. Kd4 Ba6 37. Nd5 Bb7 38. Nc7+ Ke7 39. Nb5 Kd7
40. Nd6 Bg2 41. Nxf5 h5 42. h4 Bf3 43. Nd6 Ke6 44. f5+ 1-0

[Event "eu_ch_sen"]
[Site "Dresden"]
[Date "????.??.??"]
[Round "?"]
[White "Schroeter, H."]
[Black "Klundt, K."]
[Result "0-1"]
[WhiteElo "2033"]
[BlackElo "2381"]
[PlyCount "100"]
[EventDate "2006.02.17"]
[EventRounds "8"]

1. f4 Nf6 2. Nf3 g6 3. g3 Bg7 4. Bg2 d6 5. O-O O-O 6. d3 c5 7. e4 Nc6 8. c3 Rb8
9. a4 a6 10. Na3 b5 11. axb5 axb5 12. Bd2 Ne8 13. Qe2 Nc7 14. Nc2 b4 15. Rfb1
Bd7 16. Ne3 Nb5 17. Qe1 e6 18. h4 Re8 19. Kh2 f5 20. Nc4 Qc7 21. cxb4 fxe4 22.
dxe4 Ncd4 23. Ne3 Nxf3+ 24. Bxf3 Nd4 25. Bd1 Bc6 26. Ng4 Qb7 27. Nf2 cxb4 28.
Ra5 e5 29. Rba1 Qf7 30. Ra7 Rb7 31. Ra8 Rbe7 32. Rxe8+ Rxe8 33. Qe3 Qb7 34.
Bb3+ Kh8 35. Re1 exf4 36. gxf4 Qe7 37. Kg3 d5 38. Bd1 dxe4 39. Bg4 Bf6 40. Rh1
Nf5+ 41. Bxf5 gxf5 42. h5 Rg8+ 43. Kh2 Qg7 44. Qh3 e3 45. Bxe3 Qg2+ 46. Qxg2
Rxg2+ 47. Kh3 Rxf2 48. Rc1 Rf3+ 49. Kg2 Be4 50. h6 Rxe3+ 0-1

[Event "eu_ch_sen"]
[Site "Dresden"]
[Date "????.??.??"]
[Round "?"]
[White "Dückstein, A."]
[Black "Kortschnoi, V."]
[Result "0-1"]
[WhiteElo "2276"]
[BlackElo "2607"]
[PlyCount "49"]
[EventDate "2006.02.17"]
[EventRounds "8"]

1. e4 e5 2. Nf3 Nc6 3. Bb5 a6 4. Ba4 Nf6 5. d3 Bc5 6. Nc3 O-O 7. a3 Re8 8. b4
Bf8 9. Bb3 a5 10. bxa5 Nd4 11. Ba2 c6 12. O-O Qxa5 13. Nxd4 exd4 14. Ne2 Qb6
15. Ng3 Qa7 16. Bb3 d5 17. Bg5 Nd7 18. Bd2 Bxa3 19. Rxa3 Qxa3 20. exd5 Nc5 21.
Bc1 Qa5 22. c4 Nxb3 23. Qxb3 Bf5 24. Bb2 c5 25. Qc2 0-1

[Event "eu_ch_sen"]
[Site "Dresden"]
[Date "????.??.??"]
[Round "?"]
[White "Vucenovic, D."]
[Black "Strauss, A."]
[Result "1-0"]
[WhiteElo "2307"]
[BlackElo "2185"]
[PlyCount "66"]
[EventDate "2006.02.17"]
[EventRounds "8"]

1. d4 e6 2. Nf3 Nf6 3. g3 c5 4. Bg2 Nc6 5. O-O cxd4 6. Nxd4 Qb6 7. Nxc6 bxc6 8.
c4 Be7 9. Nc3 O-O 10. e4 d6 11. Re1 Rd8 12. b3 Bb7 13. Be3 Qa5 14. Qd2 Kf8 15.
b4 Qc7 16. Qe2 Nd7 17. Rab1 Bf6 18. Rec1 Kg8 19. h3 g6 20. f4 Bg7 21. Qf2 Bxc3
22. Rxc3 a6 23. c5 dxc5 24. bxc5 a5 25. f5 Nf8 26. Bg5 Re8 27. f6 Qe5 28. Bd2
Ba6 29. Rcb3 a4 30. Bc3 Qg5 31. h4 Qg4 32. Rb6 Bb5 33. Kh2 e5 1-0

[Event "eu_ch_sen"]
[Site "Dresden"]
[Date "????.??.??"]
[Round "?"]
[White "Seuss, O."]
[Black "Karl, H."]
[Result "1/2-1/2"]
[WhiteElo "2113"]
[BlackElo "2244"]
[PlyCount "41"]
[EventDate "2006.02.17"]
[EventRounds "8"]

1. e4 e5 2. Nf3 Nc6 3. Bb5 a6 4. Ba4 Nf6 5. O-O Nxe4 6. d4 b5 7. Bb3 d5 8. dxe5
Be6 9. Nbd2 Be7 10. c3 O-O 11. Bc2 f5 12. Nd4 Nxd4 13. cxd4 c5 14. dxc5 Nxd2
15. Qxd2 Bxc5 16. b4 Bb6 17. Bb2 d4 18. Rfd1 Qh4 19. a4 Bc4 20. Ra3 Rad8 21.
Rh3 1/2-1/2

[Event "eu_ch_sen"]
[Site "Dresden"]
[Date "????.??.??"]
[Round "?"]
[White "Bhend, E."]
[Black "Titz, H."]
[Result "1/2-1/2"]
[WhiteElo "2271"]
[BlackElo "2070"]
[PlyCount "55"]
[EventDate "2006.02.17"]
[EventRounds "8"]

1. e4 e5 2. Nc3 Nc6 3. Bc4 g6 4. Nf3 Bg7 5. a3 Nf6 6. d3 d6 7. h3 O-O 8. Be3
Re8 9. Ng5 Re7 10. O-O h6 11. Nf3 Be6 12. Nd5 Re8 13. Qd2 Kh7 14. Nxf6+ Qxf6
15. Ng5+ Kg8 16. Nxe6 fxe6 17. c3 Kh7 18. f4 exf4 19. Rxf4 Qe7 20. Raf1 Rf8 21.
d4 a6 22. Rxf8 Rxf8 23. Rxf8 Bxf8 24. Qf2 Bg7 25. Bb3 Nd8 26. Kf1 Bf6 27. Qd2
Nf7 28. Qe2 1/2-1/2

[Event "eu_ch_sen"]
[Site "Dresden"]
[Date "????.??.??"]
[Round "?"]
[White "Rotstein, E."]
[Black "Krieger, H."]
[Result "1/2-1/2"]
[WhiteElo "2410"]
[BlackElo "2218"]
[PlyCount "98"]
[EventDate "2006.02.17"]
[EventRounds "8"]

1. d4 f5 2. Nf3 Nf6 3. g3 g6 4. Bg2 Bg7 5. O-O O-O 6. c4 d6 7. b3 Qe8 8. Bb2 h6
9. Nc3 Na6 10. d5 e5 11. dxe6 Bxe6 12. Nd4 Bc8 13. Qc2 Nb4 14. Qd2 Nc6 15. Nxc6
bxc6 16. Rae1 Bd7 17. e4 Nxe4 18. Nxe4 fxe4 19. Rxe4 Qd8 20. Bxg7 Kxg7 21. Rfe1
Rf7 22. Qe3 Qf8 23. Re7 Rxe7 24. Qxe7+ Qf7 25. f4 Re8 26. Qxf7+ Kxf7 27. Rxe8
Bxe8 28. b4 Kf6 29. Kf2 Bf7 30. Bxc6 Bxc4 31. a3 Be6 32. Ke3 Bh3 33. Kd4 Be6
34. b5 Ke7 35. Be4 Kf6 36. h4 Kg7 37. Kc3 Kf6 38. Kb4 g5 39. fxg5+ hxg5 40. h5
Kg7 41. Bb7 Kh6 42. Ka5 Kxh5 43. Ka6 Bc4 44. a4 Kg4 45. Kxa7 d5 46. Kb8 d4 47.
Kxc7 Kxg3 48. b6 Kf4 49. Bc6 d3 1/2-1/2

[Event "eu_ch_sen"]
[Site "Dresden"]
[Date "????.??.??"]
[Round "?"]
[White "Kelchner, H."]
[Black "Khanukov, B."]
[Result "1/2-1/2"]
[WhiteElo "2137"]
[BlackElo "2358"]
[PlyCount "133"]
[EventDate "2006.02.17"]
[EventRounds "8"]

1. d4 Nf6 2. Nf3 e6 3. Bf4 d5 4. e3 Be7 5. Bd3 c5 6. dxc5 Bxc5 7. Nbd2 Nc6 8.
c3 O-O 9. Qc2 Re8 10. Ne5 Nxe5 11. Bxe5 h6 12. Nf3 Nd7 13. Bg3 a6 14. Rd1 b5
15. O-O Bb7 16. a4 bxa4 17. Qxa4 Be7 18. Qg4 f5 19. Qg6 Bf6 20. Nd4 Nf8 21. Qh5
Qb6 22. Qe2 Nd7 23. Nf3 Bc6 24. Nd4 Bb7 25. Nf3 a5 26. Nd4 Nc5 27. Bb5 Red8 28.
Rb1 a4 29. Nc2 Ra5 30. Na3 Ba6 31. Bxa6 Qxa6 32. Qh5 Rc8 33. Rfd1 Ne4 34. Bf4
Qc6 35. Qe2 Ra7 36. Nb5 Qa6 37. Nd4 Qxe2 38. Nxe2 Rb7 39. f3 Nc5 40. Bd6 Nb3
41. Ba3 Na5 42. Kf2 Nc4 43. Nd4 Kf7 44. f4 Be7 45. Bxe7 Kxe7 46. b3 axb3 47.
Rxb3 Rxb3 48. Nxb3 Nd6 49. Rc1 Ne4+ 50. Ke2 Rxc3 51. Rxc3 Nxc3+ 52. Kf3 g5 53.
g4 Kf6 54. h3 e5 55. fxe5+ Kxe5 56. gxf5 Kxf5 57. Nd4+ Kg6 58. Ne6 h5 59. Nd4
Kf6 60. Nc6 Ne4 61. Nd4 Nd2+ 62. Ke2 Ne4 63. Kf3 Nd6 64. Nc6 Nf7 65. Nd4 Ke5
66. Nc6+ Kd6 67. Nd4 1/2-1/2

[Event "eu_ch_sen"]
[Site "Dresden"]
[Date "????.??.??"]
[Round "?"]
[White "Bakhmatov, E."]
[Black "Bold, K."]
[Result "1-0"]
[WhiteElo "2390"]
[BlackElo "2155"]
[PlyCount "58"]
[EventDate "2006.02.17"]
[EventRounds "8"]

1. e4 d5 2. exd5 Qxd5 3. Nc3 Qa5 4. d4 Nf6 5. Nf3 c6 6. Bc4 Bf5 7. Bd2 e6 8.
Nd5 Qd8 9. Nxf6+ Qxf6 10. Qe2 Nd7 11. O-O-O Bd6 12. h3 h6 13. Bc3 Qe7 14. g4
Bg6 15. Rhe1 Nb6 16. d5 cxd5 17. Bxg7 Bf4+ 18. Kb1 Nxc4 19. Bxh8 Qb4 20. Ka1
O-O-O 21. Bc3 Qc5 22. Bd4 Qa5 23. Ne5 Bxe5 24. Bxe5 b5 25. Rd4 Bxc2 26. Rc1 Bb3
27. a3 b4 28. Qf3 bxa3 29. Rdxc4+ dxc4 1-0

[Event "eu_ch_sen"]
[Site "Dresden"]
[Date "????.??.??"]
[Round "?"]
[White "Betz, E."]
[Black "Ljuboschiz, A."]
[Result "0-1"]
[WhiteElo "2035"]
[BlackElo "2220"]
[PlyCount "64"]
[EventDate "2006.02.17"]
[EventRounds "8"]

1. e4 g6 2. d4 Bg7 3. Nf3 d6 4. c4 Nf6 5. Nc3 O-O 6. Be2 e5 7. d5 a5 8. h3 Na6
9. Be3 Nc5 10. Qc2 Nh5 11. g4 Nf4 12. O-O-O Bd7 13. Rdg1 c6 14. Qd2 cxd5 15.
exd5 Nxe2+ 16. Qxe2 e4 17. Nd4 Rc8 18. Kb1 Qe7 19. f3 Rfe8 20. f4 Nd3 21. b3
Nxf4 22. Qd2 Nd3 23. h4 Ne5 24. h5 Nxg4 25. Rxg4 Bxg4 26. hxg6 hxg6 27. Qh2 Bh5
28. Ncb5 Rcd8 29. Qg3 Qd7 30. Rxh5 gxh5 31. Ne6 fxe6 32. Bh6 exd5 0-1

[Event "eu_ch_sen"]
[Site "Dresden"]
[Date "????.??.??"]
[Round "?"]
[White "Meier, W."]
[Black "Murey, J."]
[Result "1/2-1/2"]
[WhiteElo "2190"]
[BlackElo "2472"]
[PlyCount "80"]
[EventDate "2006.02.17"]
[EventRounds "8"]

1. Nf3 f5 2. d4 Nf6 3. g3 b6 4. Bg2 Bb7 5. O-O g6 6. c4 Bg7 7. Nc3 Ne4 8. Qd3
Nxc3 9. Qxc3 c5 10. Qd2 cxd4 11. Nxd4 Nc6 12. Nxc6 Bxc6 13. Rb1 Qc7 14. b3 Bxg2
15. Kxg2 Qc6+ 16. Kg1 h5 17. Bb2 Bxb2 18. Rxb2 h4 19. Qd5 Qxd5 20. cxd5 Rc8 21.
Rd1 Kf7 22. Rbd2 Kf6 23. f4 Rc3 24. Kg2 g5 25. fxg5+ Kxg5 26. Rf1 h3+ 27. Kg1
Rhc8 28. Rd4 Re3 29. Kf2 Re5 30. Rfd1 Re4 31. Kf3 Rc3+ 32. R4d3 Rc2 33. R3d2
Rxd2 34. Rxd2 a5 35. e3 Kf6 36. Rd4 Rxd4 37. exd4 Kg5 38. a4 d6 39. Kf2 Kh5 40.
Kf3 Kg5 1/2-1/2

[Event "eu_ch_sen"]
[Site "Dresden"]
[Date "????.??.??"]
[Round "?"]
[White "Schwier, M."]
[Black "Rodkin, R."]
[Result "0-1"]
[WhiteElo "2131"]
[BlackElo "2233"]
[PlyCount "87"]
[EventDate "2006.02.17"]
[EventRounds "8"]

1. e4 c5 2. f4 e6 3. Nf3 d5 4. e5 Nc6 5. Be2 Nge7 6. c3 Nf5 7. d3 Be7 8. O-O h5
9. Na3 Qb6 10. Nc2 Bd7 11. Rb1 O-O-O 12. Ne3 g6 13. Nxf5 gxf5 14. Be3 Qc7 15.
d4 c4 16. b3 Na5 17. Nd2 h4 18. Rf3 Kb8 19. Bf2 f6 20. Rh3 fxe5 21. fxe5 Rc8
22. b4 Nc6 23. Nf3 Rcg8 24. Qe1 Be8 25. Nxh4 f4 26. Kh1 Bg5 27. Rb2 Ne7 28. Bf3
Rh6 29. Bd1 Qd8 30. Bg4 Bh5 31. Bxh5 Rxh5 32. Qe2 Qe8 33. Qf3 Qf7 34. g4 Rh6
35. Ng2 Rxh3 36. Qxh3 f3 37. Ne1 Rf8 38. Qg3 Ng6 39. Qh3 Qf4 40. Qg3 Qc1 41.
Rc2 Qd1 42. Qg1 Bd2 43. Be3 Bxe3 44. Qxe3 0-1

[Event "eu_ch_sen"]
[Site "Dresden"]
[Date "????.??.??"]
[Round "?"]
[White "Kaminik, A."]
[Black "Goldberg, V."]
[Result "0-1"]
[WhiteElo "2239"]
[BlackElo "2054"]
[PlyCount "96"]
[EventDate "2006.02.17"]
[EventRounds "8"]

1. d4 Nf6 2. c4 c5 3. d5 e6 4. Nc3 exd5 5. cxd5 d6 6. e4 g6 7. f4 Bg7 8. Bb5+
Nfd7 9. a4 O-O 10. Nf3 Na6 11. O-O Rb8 12. Re1 Re8 13. e5 Nc7 14. exd6 Nxb5 15.
Nxb5 a6 16. Nc7 Rxe1+ 17. Qxe1 Bf8 18. Ng5 Nf6 19. Nce6 fxe6 20. dxe6 Qxd6 21.
f5 gxf5 22. g3 Nd5 23. Qe2 Bg7 24. Qh5 Bd4+ 25. Kg2 Qe7 26. Bf4 Nxf4+ 27. gxf4
b5 28. Re1 Bb7+ 29. Kh3 Rf8 30. axb5 axb5 31. b4 Bc6 32. bxc5 Be8 33. Qd1 Bxc5
34. Qc2 Bd4 35. Qd3 Bg7 36. Qd5 b4 37. Rc1 Bc3 38. Rg1 Bg6 39. Nf7 Rxf7 40.
exf7+ Qxf7 41. Qd8+ Kg7 42. Rd1 Bf6 43. Qd6 b3 44. Qb6 b2 45. Qb5 Kh6 46. Kg2
Qe6 47. Kf1 Qe4 48. Qb3 Qh1+ 0-1

[Event "eu_ch_sen"]
[Site "Dresden"]
[Date "????.??.??"]
[Round "?"]
[White "Baumbach, F."]
[Black "Rudnick, H."]
[Result "1-0"]
[WhiteElo "2262"]
[BlackElo "2179"]
[PlyCount "81"]
[EventDate "2006.02.17"]
[EventRounds "8"]

1. d4 Nf6 2. c4 g6 3. Nc3 Bg7 4. e4 d6 5. Nf3 O-O 6. Be2 Bg4 7. Be3 Nc6 8. d5
Bxf3 9. Bxf3 Ne5 10. Be2 c6 11. f4 Ned7 12. O-O cxd5 13. exd5 Rc8 14. Rc1 Nb6
15. b3 a6 16. Qd2 Nbd7 17. Bd4 Ne8 18. Bg4 Bxd4+ 19. Qxd4 f5 20. Bf3 Qb6 21.
Qxb6 Nxb6 22. g4 Ng7 23. g5 Rc7 24. Rfe1 Kf7 25. Rcd1 Rh8 26. Kg2 h6 27. h4 Nd7
28. Ne2 hxg5 29. hxg5 b5 30. cxb5 axb5 31. Nd4 Ra7 32. Rd2 Nc5 33. Nxb5 Ra5 34.
Nd4 Ne4 35. Bxe4 fxe4 36. Rxe4 Rxd5 37. Rde2 e5 38. fxe5 dxe5 39. Nf3 Nf5 40.
Rxe5 Kg7 41. Rxd5 1-0

[Event "eu_ch_sen"]
[Site "Dresden"]
[Date "????.??.??"]
[Round "?"]
[White "Harzer, p"]
[Black "Erenska-Barlo, H."]
[Result "1-0"]
[WhiteElo "2125"]
[BlackElo "2291"]
[PlyCount "55"]
[EventDate "2006.02.17"]
[EventRounds "8"]

1. d4 Nf6 2. Nf3 e6 3. Bg5 Be7 4. Nbd2 d5 5. e3 O-O 6. Bd3 Nbd7 7. Bxf6 Nxf6 8.
Ne5 c5 9. c3 Qc7 10. f4 Bd6 11. O-O b6 12. Rf3 g6 13. Rh3 a5 14. Rc1 Ra7 15. g4
Ne8 16. g5 f5 17. gxf6 Rxf6 18. Ndf3 Bxe5 19. fxe5 Rf7 20. Ng5 Rg7 21. Qg4 h5
22. Qf4 Qe7 23. Rf1 Nc7 24. Rhf3 Kh8 25. Qf8+ Qxf8 26. Rxf8+ Rg8 27. R1f7 Nb5
28. Bxb5 1-0

[Event "eu_ch_sen"]
[Site "Dresden"]
[Date "????.??.??"]
[Round "?"]
[White "Brameyer, H."]
[Black "Koksch, G."]
[Result "1/2-1/2"]
[WhiteElo "2242"]
[BlackElo "2142"]
[PlyCount "40"]
[EventDate "2006.02.17"]
[EventRounds "8"]

1. c4 e6 2. Nf3 f5 3. g3 Nf6 4. Bg2 Be7 5. d4 O-O 6. O-O d6 7. b3 a5 8. Nc3 Qe8
9. Ba3 Na6 10. Qb1 Qh5 11. d5 exd5 12. cxd5 Nb4 13. Nd4 f4 14. Ne6 fxg3 15.
fxg3 Bxe6 16. dxe6 Ng4 17. h3 d5 18. Bxb4 axb4 19. Nxd5 Bc5+ 20. Kh1 Nf2+
1/2-1/2

[Event "eu_ch_sen"]
[Site "Dresden"]
[Date "????.??.??"]
[Round "?"]
[White "Duemmke, J."]
[Black "Lieb, H."]
[Result "0-1"]
[WhiteElo "2099"]
[BlackElo "2242"]
[PlyCount "64"]
[EventDate "2006.02.17"]
[EventRounds "8"]

1. e4 e6 2. d4 d5 3. Nd2 Nf6 4. e5 Nfd7 5. Bd3 c5 6. c3 Nc6 7. Ne2 a5 8. O-O a4
9. Nf3 Be7 10. Bb5 cxd4 11. Nexd4 Nxd4 12. Nxd4 O-O 13. f4 Nb6 14. Qe2 Bd7 15.
Bd3 g6 16. Kh1 Qc8 17. Rb1 a3 18. bxa3 Nc4 19. Bxc4 dxc4 20. Qe4 b5 21. Rf2 Bc5
22. Rd2 Qa6 23. h4 f5 24. exf6 Rxf6 25. Qe5 Be7 26. Nc2 Qb7 27. Nb4 Rf5 28. Qd4
Rd8 29. Qf2 Rh5 30. Rd4 Bxh4 31. Qf3 Bf2+ 32. Qxh5 gxh5 0-1

[Event "eu_ch_sen"]
[Site "Dresden"]
[Date "????.??.??"]
[Round "?"]
[White "Cormblehome, A."]
[Black "Bachmann, K."]
[Result "0-1"]
[WhiteElo "2104"]
[BlackElo "2304"]
[PlyCount "78"]
[EventDate "2006.02.17"]
[EventRounds "8"]

1. d4 d5 2. Nf3 Nf6 3. c4 dxc4 4. e3 e6 5. Bxc4 a6 6. O-O c5 7. Qe2 b5 8. Bb3
Bb7 9. a4 Nbd7 10. Rd1 Qb8 11. axb5 axb5 12. Rxa8 Qxa8 13. Nc3 b4 14. Na4 cxd4
15. Rxd4 Be7 16. Bc4 O-O 17. b3 Bc6 18. Bb2 Qb7 19. Rd1 Ra8 20. Ra1 Ra5 21. Ne1
Ne5 22. Bxe5 Rxe5 23. f3 Ra5 24. e4 Qa7+ 25. Kh1 Bxa4 26. bxa4 Rxa4 27. Rc1 Ra1
28. Nd3 Rxc1+ 29. Nxc1 Qa1 30. Qc2 Nd7 31. Ba2 Bg5 32. Bb1 Bxc1 33. Qc8+ Nf8
34. Qxc1 g6 35. h3 e5 36. Kh2 Qc3 37. Qd1 b3 38. Qd5 Ne6 39. Qb5 Nf4 0-1

[Event "eu_ch_sen"]
[Site "Dresden"]
[Date "????.??.??"]
[Round "?"]
[White "Edwards, R."]
[Black "Neese, H-J."]
[Result "1/2-1/2"]
[WhiteElo "2093"]
[BlackElo "2244"]
[PlyCount "79"]
[EventDate "2006.02.17"]
[EventRounds "8"]

1. d4 Nf6 2. c4 e6 3. Nc3 d5 4. cxd5 exd5 5. Bg5 c6 6. e3 Be7 7. Bd3 Bg4 8.
Nge2 Nbd7 9. Qc2 O-O 10. O-O Re8 11. f3 Bh5 12. Nf4 Bg6 13. Nxg6 hxg6 14. Bh4
Nf8 15. Rad1 Ne6 16. Rfe1 Bd6 17. Bf1 Qc7 18. h3 Bg3 19. Bxg3 Qxg3 20. Qf2 Nh5
21. Qxg3 Nxg3 22. Bd3 Rad8 23. Kf2 Nf5 24. Na4 Re7 25. Rc1 Rde8 26. g4 Nd6 27.
Nc5 f5 28. Re2 Kf7 29. Rce1 Rh8 30. Kg3 Kf6 31. Nxe6 Rxe6 32. e4 dxe4 33. fxe4
fxe4 34. Bxe4 Rhe8 35. Bd3 Rxe2 36. Rxe2 Rxe2 37. Bxe2 g5 38. Kf3 Ke6 39. Ke3
Kd5 40. Kd3 1/2-1/2

[Event "eu_ch_sen"]
[Site "Dresden"]
[Date "????.??.??"]
[Round "?"]
[White "Krüger, E."]
[Black "Singleton, M."]
[Result "1/2-1/2"]
[WhiteElo "2210"]
[BlackElo "2157"]
[PlyCount "100"]
[EventDate "2006.02.17"]
[EventRounds "8"]

1. d4 Nf6 2. c4 g6 3. Nc3 Bg7 4. e4 d6 5. Be2 O-O 6. Bg5 c5 7. d5 h6 8. Bf4 a6
9. a4 Qa5 10. Bd2 e6 11. Nf3 exd5 12. exd5 Bg4 13. O-O Qc7 14. h3 Bxf3 15. Bxf3
Nbd7 16. a5 Rae8 17. Qc2 Re7 18. Rfe1 Rfe8 19. Rxe7 Rxe7 20. Na4 Ne8 21. Re1
Rxe1+ 22. Bxe1 Bd4 23. Qe4 Ne5 24. Be2 Qe7 25. Kf1 f5 26. Qf4 Qf8 27. g4 fxg4
28. Qxf8+ Kxf8 29. hxg4 g5 30. Bd2 Ng6 31. Bd3 Kf7 32. Bf5 Ne7 33. Be6+ Kf6 34.
f4 Ng7 35. Bd7 Kg6 36. b4 h5 37. bxc5 dxc5 38. fxg5 hxg4 39. Bxg4 Ngf5 40. Ke2
Nd6 41. Kd3 Nf7 42. Bf4 Nf5 43. Nc3 Nxg5 44. Ne4 Nf7 45. Bxf5+ Kxf5 46. Nd6+
Nxd6 47. Bxd6 Bf2 48. Bc7 Bd4 49. Bg3 Bf6 50. Bc7 Bd4 1/2-1/2

[Event "eu_ch_sen"]
[Site "Dresden"]
[Date "????.??.??"]
[Round "?"]
[White "Vink, W."]
[Black "Sorri, K."]
[Result "1-0"]
[WhiteElo "2141"]
[BlackElo "2286"]
[PlyCount "93"]
[EventDate "2006.02.17"]
[EventRounds "8"]

1. Nf3 Nf6 2. c4 c5 3. Nc3 Nc6 4. d4 cxd4 5. Nxd4 g6 6. e4 d6 7. Be2 Bg7 8. Be3
O-O 9. O-O Bd7 10. Rc1 a6 11. h3 Rb8 12. a4 Nxd4 13. Bxd4 Bc6 14. e5 Ne8 15.
exd6 Nxd6 16. Bxg7 Kxg7 17. Qd4+ Kg8 18. Rfd1 Qa5 19. c5 Nf5 20. Qc4 b5 21.
axb5 axb5 22. Qf4 Qa8 23. f3 f6 24. Bd3 e5 25. Qg4 Bd7 26. Bxf5 Bxf5 27. Qb4
Rfd8 28. Rd6 Rxd6 29. cxd6 Qc6 30. Rd1 Qc4 31. Qa5 b4 32. Qc7 Rc8 33. Qxc4+
Rxc4 34. Nd5 Kf7 35. d7 Bxd7 36. Nb6 Rc2 37. Rxd7+ Ke6 38. Rxh7 Rxb2 39. Rc7
Rb1+ 40. Kh2 g5 41. Rc6+ Kf5 42. Nd5 e4 43. Rxf6+ Ke5 44. fxe4 Kxe4 45. Nb6 b3
46. Na4 Ra1 47. Nc3+ 1-0

[Event "eu_ch_sen"]
[Site "Dresden"]
[Date "????.??.??"]
[Round "?"]
[White "Kanko, I."]
[Black "Oud, N."]
[Result "1-0"]
[WhiteElo "2227"]
[BlackElo "2141"]
[PlyCount "93"]
[EventDate "2006.02.17"]
[EventRounds "8"]

1. d4 d5 2. c4 e6 3. Nc3 Nf6 4. Bg5 Be7 5. e3 h6 6. Bh4 O-O 7. Nf3 b6 8. Qb3 c6
9. Be2 Ba6 10. Ne5 Nfd7 11. Bxe7 Qxe7 12. Nxd7 Nxd7 13. cxd5 Bxe2 14. dxe6 Ba6
15. exd7 Qxd7 16. Qa4 Qb7 17. O-O-O Rfc8 18. e4 c5 19. dxc5 Rxc5 20. Kb1 b5 21.
Qd4 Rac8 22. Nd5 Kh8 23. a3 Rc4 24. Qe5 R8c6 25. Qe8+ Kh7 26. Ne7 Rc8 27. Nxc8
Rxc8 28. Qe5 b4 29. Qf5+ g6 30. Qd5 Qe7 31. Rhe1 bxa3 32. Qd6 Qb7 33. Qxa3 Bc4
34. Rd6 Bb3 35. f3 a5 36. Rd2 Rc4 37. Re3 a4 38. Re1 Qc7 39. Qd6 Qc8 40. Qd8
Qe6 41. Qd7 Qf6 42. e5 Qf4 43. e6 Rc7 44. Qxc7 Qxd2 45. Qxf7+ Kh8 46. Qe8+ Kg7
47. Qd7+ 1-0